| 000 | 00716cam a2200241 4500 | ||
|---|---|---|---|
| 008 | 090401t1995 xxu||||| |||| 00| 0 eng d | ||
| 020 | _a0333609611 | ||
| 035 | _a(Sirsi) u3766 | ||
| 041 | _aeng | ||
| 050 | _a657.3 | ||
| 100 | _aJennings, A.R. | ||
| 245 | _aAccounting and finance for building and surveying | ||
| 260 |
_aBasingstoke _bMacMillan _c1995 |
||
| 300 | _aviii, 243p. ; 24cm. | ||
| 350 | _a15.99 | ||
| 490 | _aMacmillan Building and Surveying Series | ||
| 650 | _aMANAGEMENT-BUSINESS MANAGEMENT-FINANCIAL MANAGEMENT-ACCOUNTING | ||
| 650 | _aFINANCIAL REPORTING | ||
| 650 | _aMANAGEMENT PLANNING | ||
| 690 | _aPROPERTY-PROPERTY FINANCE AND INVESTMENT | ||
| 942 | _n0 | ||
| 948 | _c04/03/1997 | ||
| 999 |
_c85933 _d85933 |
||